Normal view
MARC view
- طه ، مصطفى كمال ، بندق ، وائل أنور
Entry Personal Name
001 - CONTROL NUMBER
- control field: 32035
003 - CONTROL NUMBER IDENTIFIER
- control field: JO-AjAnu
005 - DATE AND TIME OF LATEST TRANSACTION
- control field: 20230606075404.0
008 - FIXED-LENGTH DATA ELEMENTS
- fixed length control field: 230606|| aca||aabn | a|a d
040 ## - CATALOGING SOURCE
- Original cataloging agency: JO-AjAnu
- Transcribing agency: JO-AjAnu
100 ## - HEADING--PERSONAL NAME
- Personal name: طه ، مصطفى كمال ، بندق ، وائل أنور
670 ## - SOURCE DATA FOUND
- Source citation: Work cat.: (JO-AjAnu)16453: طه ، مصطفى كمال ، بندق ، وائل أنور , author, أصول القانون التجاري : الأعمال التجارية - التجار - الشركات التجارية - المحل التجاري - الملكية الصناعية